[Event "GBR-ch84 Major Open"]
[Site "Hove"]
[Date "1997.08.04"]
[Round "1"]
[White "Henderson, Ian R"]
[Black "Roberts, Mark"]
[Result "1-0"]
[WhiteElo "2270"]
[BlackElo "2010"]
[PlyCount "35"]
[EventDate "1997.08.04"]
[EventType "swiss"]
[EventRounds "11"]
[EventCountry "GBR"]
[SourceTitle "BritBase"]
[Source "John Saunders"]
[SourceDate "2024.07.22"]
[SourceVersion "1"]
[SourceVersionDate "2024.07.22"]
[SourceQuality "1"]

1. d4 e6 2. c4 Nf6 3. Nc3 Bb4 4. a3 Bxc3+ 5. bxc3 O-O 6. f3 d6 7. e4 Nc6 8. Bd3
e5 9. Ne2 Nh5 10. O-O Qf6 11. f4 exd4 12. cxd4 Nxd4 13. e5 Nxe2+ 14. Bxe2 dxe5
15. Bxh5 exf4 16. Bxf4 Qc6 17. Qd5 Qb6+ 18. c5 1-0

[Event "GBR-ch84 Major Open"]
[Site "Hove"]
[Date "1997.08.04"]
[Round "1"]
[White "Meynell, Alexander FM"]
[Black "Almond, Philip"]
[Result "0-1"]
[WhiteElo "1520"]
[BlackElo "2048"]
[PlyCount "30"]
[EventDate "1997.08.04"]
[EventType "swiss"]
[EventRounds "11"]
[EventCountry "GBR"]
[SourceTitle "BritBase"]
[Source "John Saunders"]
[SourceDate "2024.07.22"]
[SourceVersion "1"]
[SourceVersionDate "2024.07.22"]
[SourceQuality "1"]

1. e4 c5 2. d3 Nc6 3. g3 g6 4. Bg2 Bg7 5. c3 e5 6. Nd2 Nge7 7. Ne2 O-O 8. O-O
d6 9. Nc4 Be6 10. Ne3 Qd7 11. Bd2 d5 12. Qc2 d4 13. Nc4 Rfd8 14. Rad1 Bxc4 15.
dxc4 d3 0-1

[Event "GBR-ch84 Major Open"]
[Site "Hove"]
[Date "1997.08.05"]
[Round "2"]
[White "Mills, Steve C"]
[Black "Bates, Ruth A"]
[Result "0-1"]
[WhiteElo "1640"]
[BlackElo "1888"]
[PlyCount "94"]
[EventDate "1997.08.04"]
[EventType "swiss"]
[EventRounds "11"]
[EventCountry "GBR"]
[SourceTitle "BritBase"]
[Source "John Saunders"]
[SourceDate "2024.07.22"]
[SourceVersion "1"]
[SourceVersionDate "2024.07.22"]
[SourceQuality "1"]

1. d4 g6 2. c4 Bg7 3. Nc3 d6 4. e4 Nc6 5. Be3 e5 6. d5 Nce7 7. Nge2 f5 8. f3
Nf6 9. c5 O-O 10. Qd2 Ne8 11. Bf2 f4 12. Nb5 a6 13. Na3 dxc5 14. Bxc5 Nd6 15.
Nc3 b6 16. Bf2 Bb7 17. Nc4 Nec8 18. a4 Nxc4 19. Bxc4 Nd6 20. Be2 Qd7 21. O-O g5
22. b4 h5 23. b5 a5 24. Nb1 Rf6 25. Na3 Bf8 26. Nc4 Nxc4 27. Bxc4 Bd6 28. Rfc1
Rg6 29. Qd3 Kh7 30. Be1 Rag8 31. Ra2 Qe7 32. Qb3 g4 33. Kf1 Bc8 34. Rcc2 g3 35.
h3 Qh4 36. Kg1 Bxh3 37. gxh3 Qxh3 38. Bf1 Qh4 39. Bxa5 bxa5 40. Rc6 Qe7 41. Bh3
Bc5+ 42. Kg2 Rxc6 43. dxc6 Rd8 44. Qc3 Rd1 45. Bf5+ Kh6 46. Qc4 Rg1+ 47. Kh3
Qh4+ 0-1

[Event "GBR-ch84 Major Open"]
[Site "Hove"]
[Date "1997.08.05"]
[Round "2"]
[White "Donovan, Nigel P"]
[Black "Debbage, Leigh J"]
[Result "1-0"]
[WhiteElo "2125"]
[BlackElo "1824"]
[PlyCount "89"]
[EventDate "1997.08.04"]
[EventType "swiss"]
[EventRounds "11"]
[EventCountry "GBR"]
[SourceTitle "BritBase"]
[Source "John Saunders"]
[SourceDate "2024.07.22"]
[SourceVersion "1"]
[SourceVersionDate "2024.07.22"]
[SourceQuality "1"]

1. e4 e6 2. d4 d5 3. Nd2 Nf6 4. e5 Nfd7 5. Bd3 c5 6. c3 Nc6 7. Ne2 Qb6 8. Nf3
cxd4 9. cxd4 Bb4+ 10. Bd2 O-O 11. O-O f6 12. exf6 Nxf6 13. Bxb4 Nxb4 14. Ne5
Nxd3 15. Qxd3 Nd7 16. Nf3 Nf6 17. Rfc1 Bd7 18. Rc2 Ne4 19. Ng3 Nd6 20. Ne5 Bb5
21. Qd2 Nc4 22. Nxc4 Bxc4 23. b3 Bb5 24. Qb4 a5 25. Qc5 Qxc5 26. Rxc5 Bd7 27.
Ne2 Rfc8 28. Rac1 Rc6 29. Nf4 Kf7 30. Nd3 Rxc5 31. Rxc5 Rc8 32. Rxa5 Rc3 33.
Ne5+ Ke7 34. Rc5 Rxc5 35. dxc5 Bb5 36. a4 Be2 37. b4 d4 38. f4 Bd1 39. a5 Ba4
40. Kf2 Bb5 41. Kf3 Kf6 42. Ke4 d3 43. Ke3 g5 44. g4 h5 45. h4 1-0

[Event "GBR-ch84 Major Open"]
[Site "Hove"]
[Date "1997.08.05"]
[Round "2"]
[White "Pickersgill, Adrian O"]
[Black "Taylor, Peter P"]
[Result "0-1"]
[WhiteElo "2075"]
[BlackElo "2210"]
[PlyCount "90"]
[EventDate "1997.08.04"]
[EventType "swiss"]
[EventRounds "11"]
[EventCountry "GBR"]
[SourceTitle "BritBase"]
[Source "John Saunders"]
[SourceDate "2024.07.22"]
[SourceVersion "1"]
[SourceVersionDate "2024.07.22"]
[SourceQuality "1"]

1. e4 c5 2. g3 d5 3. Bg2 dxe4 4. Bxe4 Nf6 5. Bg2 Bg4 6. Ne2 Qd7 7. h3 Bf5 8. d3
h5 9. Nbc3 Nc6 10. Be3 e5 11. Qd2 Be7 12. O-O-O O-O-O 13. Ne4 Nd4 14. Nxf6 Bxf6
15. Nc3 Be6 16. Kb1 Kb8 17. b3 Rc8 18. Qe1 Rhe8 19. Bc1 g6 20. Bb2 Bg7 21. Bc1
Bf5 22. Qd2 Red8 23. Rh2 Rh8 24. Bb2 Qd8 25. Ne4 Qb6 26. Re1 Rhd8 27. Qd1 Bxe4
28. Bxe4 f5 29. Bh1 c4 30. bxc4 e4 31. c3 Nf3 32. Bxf3 Bxc3 33. Re2 Rxd3 34.
Qb3 exf3 35. Re3 Rxe3 36. fxe3 Qxb3 37. axb3 Be1 38. Be5+ Ka8 39. Rh1 f2 40.
Bd4 Re8 41. Kc2 b6 42. Kd3 Kb7 43. Ke2 Re4 44. b4 a5 45. b5 h4 0-1

[Event "GBR-ch84 Major Open"]
[Site "Hove"]
[Date "1997.08.05"]
[Round "2"]
[White "Okosieme, Iozeph"]
[Black "Devereaux, Maxim L"]
[Result "0-1"]
[WhiteElo "2040"]
[BlackElo "2152"]
[PlyCount "80"]
[EventDate "1997.08.04"]
[EventType "swiss"]
[EventRounds "11"]
[EventCountry "GBR"]
[SourceTitle "BritBase"]
[Source "John Saunders"]
[SourceDate "2024.07.22"]
[SourceVersion "1"]
[SourceVersionDate "2024.07.22"]
[SourceQuality "1"]

1. d4 Nf6 2. Nf3 e6 3. Bg5 b6 4. e3 Bb7 5. Nbd2 c5 6. c3 Be7 7. Bd3 O-O 8. Qc2
h6 9. h4 Nc6 10. Bxf6 Bxf6 11. g4 cxd4 12. exd4 Bxd4 13. cxd4 Nxd4 14. Qd1 Qf6
15. Rh3 Nxf3+ 16. Nxf3 Qxb2 17. Kf1 Rac8 18. Nd4 Kh8 19. Nb3 Qe5 20. g5 Qd5 21.
Qg4 f5 22. Qg1 Rc3 23. Rd1 Rxd3 24. Rhxd3 Ba6 25. Nc1 Rc8 26. gxh6 gxh6 27. Qg6
Qh1+ 28. Ke2 Qxh4 29. Qg3 Rc2+ 30. R1d2 Qxg3 31. fxg3 Rxc1 32. Ke3 Bxd3 33.
Rxd3 d5 34. Rd2 Rc4 35. Kf3 Kg7 36. Re2 Kf6 37. Kg2 e5 38. Kh3 d4 39. Rd2 e4
40. Kg2 d3 0-1

[Event "GBR-ch84 Major Open"]
[Site "Hove"]
[Date "1997.08.05"]
[Round "2"]
[White "Rizouk, Ryad"]
[Black "Toll, Alec J"]
[Result "1-0"]
[WhiteElo "2375"]
[BlackElo "1944"]
[PlyCount "73"]
[EventDate "1997.08.04"]
[EventType "swiss"]
[EventRounds "11"]
[EventCountry "GBR"]
[SourceTitle "BritBase"]
[Source "John Saunders"]
[SourceDate "2024.07.22"]
[SourceVersion "1"]
[SourceVersionDate "2024.07.22"]
[SourceQuality "1"]

1. e4 Nc6 2. Nf3 f5 3. exf5 d5 4. Nh4 e5 5. Qh5+ g6 6. fxg6 Nf6 7. Qg5 Bc5 8.
Bb5 Bxf2+ 9. Ke2 Bg4+ 10. Nf3 O-O 11. Bxc6 bxc6 12. d3 e4 13. Kxf2 exf3 14.
gxh7+ Kh8 15. Re1 Qd6 16. Qe5 Qc5+ 17. Be3 Qxc2+ 18. Nd2 Rae8 19. Qd4 c5 20.
Qc3 Qxc3 21. bxc3 fxg2 22. Kxg2 Nd7 23. Nb3 Kxh7 24. Bxc5 Nxc5 25. Rxe8 Rxe8
26. Nxc5 d4 27. cxd4 Bh5 28. Ne4 Rg8+ 29. Kf2 Rf8+ 30. Ke3 Rf3+ 31. Kd2 Rf5 32.
Rc1 Ra5 33. Rxc7+ Kg6 34. Rc2 Bg4 35. Nc5 Bf3 36. a4 Bd5 37. Kc3 1-0

[Event "GBR-ch84 Major Open"]
[Site "Hove"]
[Date "1997.08.05"]
[Round "2"]
[White "Dyce, Andrew N"]
[Black "White, Stuart"]
[Result "1-0"]
[WhiteElo "2150"]
[BlackElo "1944"]
[PlyCount "71"]
[EventDate "1997.08.04"]
[EventType "swiss"]
[EventRounds "11"]
[EventCountry "GBR"]
[SourceTitle "BritBase"]
[Source "John Saunders"]
[SourceDate "2024.07.22"]
[SourceVersion "1"]
[SourceVersionDate "2024.07.22"]
[SourceQuality "1"]

1. e4 c5 2. Nf3 d6 3. Bb5+ Nd7 4. O-O Ngf6 5. Re1 a6 6. Bf1 g6 7. c3 Bg7 8. d4
cxd4 9. cxd4 O-O 10. Nc3 b5 11. e5 Ne8 12. Bg5 f6 13. Bh4 Nb6 14. Qb3+ Kh8 15.
exf6 Nxf6 16. Ng5 Qe8 17. a4 h6 18. Ne6 Bxe6 19. Rxe6 Nxa4 20. Nxa4 bxa4 21.
Qb7 Rb8 22. Qa7 Ra8 23. Qxe7 Qxe7 24. Rxe7 Ng8 25. Re6 Bxd4 26. Rxa4 Be5 27.
Rxg6 a5 28. Bg3 Rfb8 29. Bxe5+ dxe5 30. Re6 Rxb2 31. Rxe5 Rc8 32. Rexa5 Nf6 33.
Rf4 Nd7 34. Rf7 Nb6 35. Re7 Rb1 36. g3 1-0

[Event "GBR-ch84 Major Open"]
[Site "Hove"]
[Date "1997.08.05"]
[Round "2"]
[White "Coleman, James"]
[Black "Humphreys, Jerry G"]
[Result "0-1"]
[WhiteElo "1848"]
[BlackElo "1968"]
[PlyCount "64"]
[EventDate "1997.08.04"]
[EventType "swiss"]
[EventRounds "11"]
[EventCountry "GBR"]
[SourceTitle "BritBase"]
[Source "John Saunders"]
[SourceDate "2024.07.22"]
[SourceVersion "1"]
[SourceVersionDate "2024.07.22"]
[SourceQuality "1"]

1. e4 c5 2. Nf3 e6 3. b3 d6 4. Bb5+ Bd7 5. Bxd7+ Qxd7 6. c4 Nf6 7. Nc3 Nc6 8.
d4 cxd4 9. Nxd4 Be7 10. O-O O-O 11. Be3 Rac8 12. Rc1 Rfd8 13. Qe2 Qc7 14. Nd5
exd5 15. Nb5 Qd7 16. exd5 Ne5 17. Nxa7 Ra8 18. Rfd1 Re8 19. b4 Bd8 20. Qc2 Nfg4
21. Bd4 Bg5 22. Rb1 Re7 23. c5 Rxa7 24. c6 bxc6 25. Bxa7 Qxa7 26. dxc6 Nxf2 27.
Rxd6 Ne4+ 28. Qc5 Nxd6 29. Qxa7 Rxa7 30. b5 Be3+ 31. Kf1 Nec4 32. Rd1 Kf8 0-1

[Event "GBR-ch84 Major Open"]
[Site "Hove"]
[Date "1997.08.05"]
[Round "2"]
[White "Cole, Roland B"]
[Black "Dougherty, Thomas JS"]
[Result "1-0"]
[WhiteElo "2245"]
[BlackElo "1832"]
[PlyCount "61"]
[EventDate "1997.08.04"]
[EventType "swiss"]
[EventRounds "11"]
[EventCountry "GBR"]
[SourceTitle "BritBase"]
[Source "John Saunders"]
[SourceDate "2024.07.22"]
[SourceVersion "1"]
[SourceVersionDate "2024.07.22"]
[SourceQuality "1"]

1. d4 d5 2. c4 e6 3. Nc3 c6 4. e4 dxe4 5. Nxe4 Bb4+ 6. Bd2 Qxd4 7. Bxb4 Qxe4+
8. Be2 Na6 9. Bc3 f6 10. Qd6 Bd7 11. Rd1 Rd8 12. Nf3 Ne7 13. Nd2 Qg6 14. Bd3
Qf7 15. Qg3 Nc5 16. Bc2 e5 17. Bb4 Ne6 18. Ne4 Nc8 19. c5 Nf4 20. Bd2 Nd5 21.
O-O O-O 22. f4 exf4 23. Bxf4 Be6 24. Be5 Qe7 25. Rxd5 Bxd5 26. Bxf6 Qf7 27. Ng5
Qxf6 28. Bxh7+ Kh8 29. Rxf6 Rxf6 30. Qh4 Rdf8 31. Bg6+ 1-0

[Event "GBR-ch84 Major Open"]
[Site "Hove"]
[Date "1997.08.05"]
[Round "2"]
[White "Dickinson, Timothy R"]
[Black "Emery, Ian"]
[Result "1-0"]
[WhiteElo "2155"]
[BlackElo "1848"]
[PlyCount "59"]
[EventDate "1997.08.04"]
[EventType "swiss"]
[EventRounds "11"]
[EventCountry "GBR"]
[SourceTitle "BritBase"]
[Source "John Saunders"]
[SourceDate "2024.07.22"]
[SourceVersion "1"]
[SourceVersionDate "2024.07.22"]
[SourceQuality "1"]

1. e4 e5 2. Nf3 Nf6 3. d4 Nxe4 4. Bd3 d5 5. Nxe5 Bd6 6. O-O O-O 7. c4 c6 8. Nc3
Nxc3 9. bxc3 Nd7 10. Bf4 dxc4 11. Bxc4 Nb6 12. Bd3 Nd5 13. Bg3 Be6 14. c4 Nb4
15. Be2 Bf5 16. Qb3 a5 17. c5 Be6 18. Qb2 Bxe5 19. Bxe5 Bxa2 20. Rxa2 Nxa2 21.
Qxa2 Qd7 22. Rb1 a4 23. Rb4 a3 24. Bc4 Ra7 25. Rb3 Rfa8 26. Rf3 Rf8 27. Bd6 b5
28. cxb6 Qxd6 29. bxa7 Qxd4 30. Rxf7 1-0

[Event "GBR-ch84 Major Open"]
[Site "Hove"]
[Date "1997.08.05"]
[Round "2"]
[White "Hebbes, Tim"]
[Black "Hodge, David J"]
[Result "0-1"]
[WhiteElo "1992"]
[BlackElo "2140"]
[PlyCount "58"]
[EventDate "1997.08.04"]
[EventType "swiss"]
[EventRounds "11"]
[EventCountry "GBR"]
[SourceTitle "BritBase"]
[Source "John Saunders"]
[SourceDate "2024.07.22"]
[SourceVersion "1"]
[SourceVersionDate "2024.07.22"]
[SourceQuality "1"]

1. e4 c5 2. Nf3 d6 3. d4 cxd4 4. Nxd4 Nf6 5. Nc3 a6 6. Bc4 e6 7. Bb3 Be7 8. f3
O-O 9. Be3 Nbd7 10. Qd2 Nc5 11. O-O-O Qc7 12. g4 Rd8 13. h4 e5 14. Nf5 Nxb3+
15. axb3 Bxf5 16. exf5 d5 17. Bg5 d4 18. Nb1 Nd5 19. Bxe7 Qxe7 20. Qd3 Rac8 21.
Na3 Nb4 22. Qe4 d3 23. c4 Na2+ 24. Kb1 Nc3+ 25. bxc3 Qxa3 26. Qxb7 Rb8 27. Rxd3
Rf8 28. Rd7 Rxb7 29. Rxb7 Rd8 0-1

[Event "GBR-ch84 Major Open"]
[Site "Hove"]
[Date "1997.08.05"]
[Round "2"]
[White "Flanagan, John A"]
[Black "Fish, Andrew"]
[Result "1-0"]
[WhiteElo "1792"]
[BlackElo "2115"]
[PlyCount "53"]
[EventDate "1997.08.04"]
[EventType "swiss"]
[EventRounds "11"]
[EventCountry "GBR"]
[SourceTitle "BritBase"]
[Source "John Saunders"]
[SourceDate "2024.07.22"]
[SourceVersion "1"]
[SourceVersionDate "2024.07.22"]
[SourceQuality "1"]

1. e4 e6 2. d4 d5 3. Nd2 Nf6 4. e5 Nfd7 5. Ndf3 c5 6. c3 Nc6 7. Bd3 Qb6 8. Ne2
cxd4 9. cxd4 f6 10. Nc3 fxe5 11. Nxe5 Ndxe5 12. dxe5 Nxe5 13. Qh5+ Nf7 14. Bb5+
Ke7 15. Be3 d4 16. Qh4+ g5 17. Qe4 Qa5 18. Bxd4 Nd6 19. Qe5 Nxb5 20. Qxg5+ Kf7
21. Bxh8 Bb4 22. Qf6+ Ke8 23. Rd1 Bd7 24. Qg7 Bc6 25. Qg8+ Ke7 26. Qxh7+ Ke8
27. Qg6+ 1-0

[Event "GBR-ch84 Major Open"]
[Site "Hove"]
[Date "1997.08.05"]
[Round "2"]
[White "Larski, Stanislav"]
[Black "McKenna, John R"]
[Result "0-1"]
[WhiteElo "1888"]
[BlackElo "1600"]
[PlyCount "42"]
[EventDate "1997.08.04"]
[EventType "swiss"]
[EventRounds "11"]
[EventCountry "GBR"]
[SourceTitle "BritBase"]
[Source "John Saunders"]
[SourceDate "2024.07.22"]
[SourceVersion "1"]
[SourceVersionDate "2024.07.22"]
[SourceQuality "1"]

1. e4 e6 2. d4 d5 3. Nc3 dxe4 4. Nxe4 Nd7 5. Nf3 Ngf6 6. Bg5 Be7 7. Bxf6 Nxf6
8. Bd3 O-O 9. O-O Nxe4 10. Bxe4 c5 11. dxc5 Qa5 12. c6 bxc6 13. Bxc6 Rb8 14. b3
Bf6 15. c4 Bxa1 16. Qxa1 Bb7 17. Bxb7 Rxb7 18. Qb2 Rd8 19. a3 Rd3 20. Rb1 Qd8
21. h3 Rbxb3 0-1

[Event "GBR-ch84 Major Open"]
[Site "Hove"]
[Date "1997.08.05"]
[Round "2"]
[White "Newman, Stephen J"]
[Black "Mason, Donald J"]
[Result "1/2-1/2"]
[WhiteElo "2096"]
[BlackElo "2285"]
[PlyCount "42"]
[EventDate "1997.08.04"]
[EventType "swiss"]
[EventRounds "11"]
[EventCountry "GBR"]
[SourceTitle "BritBase"]
[Source "John Saunders"]
[SourceDate "2024.07.22"]
[SourceVersion "1"]
[SourceVersionDate "2024.07.22"]
[SourceQuality "1"]

1. e4 e6 2. d4 d5 3. Nc3 Bb4 4. Qd3 Nf6 5. e5 Nfd7 6. Qg3 Kf8 7. Bg5 Be7 8.
Bxe7+ Qxe7 9. O-O-O a6 10. f4 Nb6 11. Nf3 Nc6 12. h4 Na5 13. h5 h6 14. Qh4 Nac4
15. Qxe7+ Kxe7 16. Bd3 Bd7 17. b3 Na5 18. g4 Rac8 19. Kb2 c5 20. dxc5 Rxc5 21.
Ne2 Bb5 1/2-1/2

[Event "GBR-ch84 Major Open"]
[Site "Hove"]
[Date "1997.08.05"]
[Round "2"]
[White "Tebb, David J"]
[Black "Chamberlain, Thomas"]
[Result "1/2-1/2"]
[WhiteElo "2280"]
[BlackElo "2075"]
[PlyCount "38"]
[EventDate "1997.08.04"]
[EventType "swiss"]
[EventRounds "11"]
[EventCountry "GBR"]
[SourceTitle "BritBase"]
[Source "John Saunders"]
[SourceDate "2024.07.22"]
[SourceVersion "1"]
[SourceVersionDate "2024.07.22"]
[SourceQuality "1"]

1. e4 d5 2. exd5 Nf6 3. Nf3 Nxd5 4. d4 Bg4 5. h3 Bh5 6. Be2 e6 7. O-O Nc6 8. c4
Nb6 9. Be3 Bxf3 10. Bxf3 Nxc4 11. Qa4 Nb6 12. Bxc6+ bxc6 13. Qxc6+ Qd7 14.
Qxd7+ Kxd7 15. Nc3 Rb8 16. Rac1 Nd5 17. Nxd5 exd5 18. Rc2 Bd6 19. Rd1 Rhe8
1/2-1/2

[Event "GBR-ch84 Major Open"]
[Site "Hove"]
[Date "1997.08.05"]
[Round "2"]
[White "Cave, Matthew DF"]
[Black "Simons, Martin J"]
[Result "0-1"]
[WhiteElo "1944"]
[BlackElo "2072"]
[PlyCount "28"]
[EventDate "1997.08.04"]
[EventType "swiss"]
[EventRounds "11"]
[EventCountry "GBR"]
[SourceTitle "BritBase"]
[Source "John Saunders"]
[SourceDate "2024.07.22"]
[SourceVersion "1"]
[SourceVersionDate "2024.07.22"]
[SourceQuality "1"]

1. e4 e5 2. Nf3 f5 3. Nxe5 Nc6 4. Nxc6 dxc6 5. Bc4 Qh4 6. Qe2 fxe4 7. d3 Nf6 8.
Nd2 Bg4 9. Qe3 O-O-O 10. dxe4 Bd6 11. g3 Qh5 12. Be2 Bc5 13. Bxg4+ Nxg4 14. Qe2
Bxf2+ 0-1

[Event "GBR-ch84 Major Open"]
[Site "Hove"]
[Date "1997.08.05"]
[Round "2"]
[White "Richards, Heather S"]
[Black "Shah, Anila"]
[Result "1-0"]
[WhiteElo "1880"]
[BlackElo "1368"]
[PlyCount "27"]
[EventDate "1997.08.04"]
[EventType "swiss"]
[EventRounds "11"]
[EventCountry "GBR"]
[SourceTitle "BritBase"]
[Source "John Saunders"]
[SourceDate "2024.07.22"]
[SourceVersion "1"]
[SourceVersionDate "2024.07.22"]
[SourceQuality "1"]

1. e4 e5 2. Nf3 Nc6 3. d4 exd4 4. Nxd4 Nge7 5. Bc4 g6 6. O-O Bg7 7. Nxc6 Nxc6
8. Qd5 O-O 9. Bg5 Ne7 10. Qd2 Bxb2 11. Nc3 Bxa1 12. Rxa1 Re8 13. Qd4 Nf5 14.
exf5 1-0

[Event "GBR-ch84 Major Open"]
[Site "Hove"]
[Date "1997.08.06"]
[Round "3"]
[White "Howard, Emily"]
[Black "Kennaugh, Charles W"]
[Result "1/2-1/2"]
[WhiteElo "2030"]
[BlackElo "2300"]
[PlyCount "115"]
[EventDate "1997.08.04"]
[EventType "swiss"]
[EventRounds "11"]
[EventCountry "GBR"]
[SourceTitle "BritBase"]
[Source "John Saunders"]
[SourceDate "2024.07.22"]
[SourceVersion "1"]
[SourceVersionDate "2024.07.22"]
[SourceQuality "1"]

1. e4 e5 2. Nc3 Nc6 3. Nf3 Nf6 4. d4 exd4 5. Nxd4 Bc5 6. Nxc6 bxc6 7. Bg5 h6 8.
Bf4 O-O 9. Bd3 Rb8 10. e5 Re8 11. O-O Nd5 12. Nxd5 cxd5 13. Qh5 Bf8 14. Rae1
Rb4 15. Qf3 g6 16. a3 Rxb2 17. Qxd5 Bb7 18. Qd4 Rb6 19. Re3 Bg7 20. Rh3 g5 21.
Bg3 d6 22. f4 dxe5 23. Qxd8 Rxd8 24. fxg5 hxg5 25. Bf2 Rf6 26. Rb1 Bc6 27. Bxa7
e4 28. Bc4 Rf5 29. Be3 Bd4 30. Rf1 Rxf1+ 31. Kxf1 Bxe3 32. Rxe3 Kg7 33. g4 Rd2
34. Re2 Rd4 35. Bb3 Bb5 36. c4 Bxc4 37. Bxc4 Rxc4 38. Ra2 Ra4 39. Rc2 Rxa3 40.
Rxc7 Rf3+ 41. Ke2 Rh3 42. Re7 Rxh2+ 43. Ke3 Rh1 44. Kf2 Rh6 45. Rxe4 Rf6+ 46.
Kg3 Re6 47. Rb4 Re3+ 48. Kf2 Rd3 49. Rc4 Kf6 50. Rc5 Kg6 51. Kg2 Re3 52. Rb5 f6
53. Rb7 Re4 54. Kf3 Rf4+ 55. Kg3 Rd4 56. Kf3 Rd3+ 57. Kg2 Rd5 58. Kg3 1/2-1/2

[Event "GBR-ch84 Major Open"]
[Site "Hove"]
[Date "1997.08.06"]
[Round "3"]
[White "Bass, John W"]
[Black "Stephenson, Frederick Norman"]
[Result "0-1"]
[WhiteElo "1976"]
[BlackElo "2190"]
[PlyCount "106"]
[EventDate "1997.08.04"]
[EventType "swiss"]
[EventRounds "11"]
[EventCountry "GBR"]
[SourceTitle "BritBase"]
[Source "John Saunders"]
[SourceDate "2024.07.22"]
[SourceVersion "1"]
[SourceVersionDate "2024.07.22"]
[SourceQuality "1"]

1. d4 d5 2. Nf3 Nf6 3. Bg5 Ne4 4. Bh4 c5 5. e3 Qb6 6. Qc1 Bf5 7. c3 Nc6 8. Nbd2
Rc8 9. a3 g6 10. Nxe4 Bxe4 11. Qd2 Bg7 12. Be2 O-O 13. b4 cxd4 14. cxd4 e5 $17
15. O-O exd4 16. Rac1 dxe3 17. fxe3 d4 18. exd4 Bxf3 19. Bxf3 Nxd4 20. Bf2
Nxf3+ 21. gxf3 Qa6 22. Qe3 Rxc1 23. Rxc1 Bb2 24. Rc7 Bxa3 25. Qxa7 Bxb4 26.
Rxb7 Qxa7 27. Bxa7 Bc3 28. Kg2 Kg7 29. Rb8 Rxb8 30. Bxb8 Kf6 31. h3 Be5 32. Ba7
Kf5 33. Bb6 Bd6 34. Ba7 Bb4 35. Bb6 Kf4 36. Ba7 Be1 37. Bb6 h5 38. Ba7 Ke5 39.
Bb6 Bc3 40. Ba7 Ba5 41. Bc5 Kd5 42. Ba7 Bc7 43. Be3 Be5 44. Ba7 Bd6 45. Be3 Kc4
46. Ba7 Be5 47. Bb6 Kd3 48. Bc5 Ke2 49. Bb6 Bf4 50. Bc5 Be3 51. Bd6 g5 52. Bc7
f5 53. Bd6 f4 {Source: Norman Stephenson} 0-1

[Event "GBR-ch84 Major Open"]
[Site "Hove"]
[Date "1997.08.06"]
[Round "3"]
[White "Macdonald-Ross, Michael"]
[Black "Almond, Philip"]
[Result "1-0"]
[WhiteElo "2175"]
[BlackElo "2048"]
[PlyCount "99"]
[EventDate "1997.08.04"]
[EventType "swiss"]
[EventRounds "11"]
[EventCountry "GBR"]
[SourceTitle "BritBase"]
[Source "John Saunders"]
[SourceDate "2024.07.22"]
[SourceVersion "1"]
[SourceVersionDate "2024.07.22"]
[SourceQuality "1"]

1. d4 Nf6 2. Nf3 e6 3. e3 b6 4. Bd3 Bb7 5. O-O Be7 6. c4 c5 7. Nc3 d6 8. d5
exd5 9. cxd5 O-O 10. e4 a6 11. a4 Nbd7 12. h3 Rc8 13. Qe2 Nb8 14. Bf4 Re8 15.
Rfe1 Bf8 16. Qf1 Nfd7 17. e5 dxe5 18. Nxe5 Nxe5 19. Bxe5 Bd6 20. f4 Qc7 21.
Bxd6 Qxd6 22. Rxe8+ Rxe8 23. Re1 Rxe1 24. Qxe1 Nd7 25. Qe8+ Nf8 26. Qe4 Ng6 27.
g3 Qf6 28. Kf2 Kf8 29. Qe3 Qd4 30. Qxd4 cxd4 31. Ne2 Bxd5 32. Bxa6 Bb3 33. Bb5
d3 34. Nc3 d2 35. Ke2 Ne7 36. Kxd2 Nf5 37. Ne2 Ke7 38. Bd3 Nd6 39. Bc2 Be6 40.
h4 h6 41. Kc3 f6 42. b4 Kd7 43. Nd4 Bd5 44. Nf5 Nxf5 45. Bxf5+ Kd6 46. Kd4 g5
47. a5 bxa5 48. bxa5 Ba2 49. Be4 Kc7 50. Kc5 1-0

[Event "GBR-ch84 Major Open"]
[Site "Hove"]
[Date "1997.08.06"]
[Round "3"]
[White "Solomon, Norman"]
[Black "Rutter, Nicholas J"]
[Result "0-1"]
[WhiteElo "2165"]
[BlackElo "2096"]
[PlyCount "94"]
[EventDate "1997.08.04"]
[EventType "swiss"]
[EventRounds "11"]
[EventCountry "GBR"]
[SourceTitle "BritBase"]
[Source "John Saunders"]
[SourceDate "2024.07.22"]
[SourceVersion "1"]
[SourceVersionDate "2024.07.22"]
[SourceQuality "1"]

1. d4 d5 2. Nf3 c6 3. c4 e6 4. cxd5 exd5 5. Nc3 Bf5 6. Bf4 Qb6 7. Qb3 Nd7 8. e3
Ngf6 9. Qxb6 axb6 10. Nh4 Bg6 11. Nxg6 hxg6 12. h3 Bb4 13. Bd3 Bxc3+ 14. bxc3
b5 15. f3 Nb6 16. Kd2 Kd7 17. Be5 Ra3 18. Rhb1 Rha8 19. Rb2 Ne8 20. e4 dxe4 21.
fxe4 Nd6 22. Bxd6 Kxd6 23. Kc2 f6 24. g4 g5 25. Kd2 Kc7 26. Kc2 Rh8 27. Bf1 Nc4
28. Bxc4 bxc4 29. Rh1 b5 30. Kd2 Kb6 31. Kc2 Rha8 32. Ra1 R8a7 33. Kd2 c5 34.
dxc5+ Kxc5 35. Kc2 Ra8 36. Rd1 Rxa2 37. Rd5+ Kc6 38. Rdxb5 Rxb2+ 39. Rxb2 Rh8
40. Rb4 Kc5 41. Rb7 Rxh3 42. Rxg7 Kd6 43. Rg8 Re3 44. Rd8+ Ke5 45. Rd5+ Kf4 46.
Rd4 Rxe4 47. Rd6 Ke5 0-1

[Event "GBR-ch84 Major Open"]
[Site "Hove"]
[Date "1997.08.06"]
[Round "3"]
[White "King, Matthew C"]
[Black "Dodgson, John A"]
[Result "0-1"]
[WhiteElo "1728"]
[BlackElo "2032"]
[PlyCount "80"]
[EventDate "1997.08.04"]
[EventType "swiss"]
[EventRounds "11"]
[EventCountry "GBR"]
[SourceTitle "BritBase"]
[Source "John Saunders"]
[SourceDate "2024.07.22"]
[SourceVersion "1"]
[SourceVersionDate "2024.07.22"]
[SourceQuality "1"]

1. e4 c5 2. Nf3 e6 3. d4 d5 4. e5 cxd4 5. Nxd4 Nc6 6. c3 $2 Nxe5 $17 7. Bf4 Ng6
8. Bg3 a6 9. Bd3 Nf6 10. Nd2 Bd6 11. Qc2 Nf4 12. Bxf4 Bxf4 13. O-O Qc7 14. g3
Bd6 15. Rae1 O-O 16. f4 b5 17. a3 Bd7 18. N2b3 Rab8 19. Qe2 Rfe8 20. Qf3 a5 21.
g4 Bxf4 $2 $13 22. Qxf4 Qxf4 23. Rxf4 e5 24. Rff1 $6 exd4 $17 25. g5 Ne4 26.
Bxe4 dxe4 27. cxd4 b4 28. Nxa5 $6 bxa3 $19 29. bxa3 Rb5 30. Nc4 Rxg5+ 31. Kh1
Rc8 $17 32. Nd6 Rc2 $19 33. Rb1 h6 34. Rb8+ Kh7 35. Nxf7 Rgg2 36. Rh8+ Kg6 37.
Ne5+ Kh5 38. Rf4 Rxh2+ 39. Kg1 Rcg2+ 40. Kf1 Bb5+ {Source: J A Dodgson.
Contributed by Brian Denman.} 0-1